000 00282nam a2200109Ia 4500
008 190913s9999||||xx |||||||||||||| ||und||
100 _aDr.Abdul Majeed
245 0 _aPakistan Main jellon Kay Quawaid zawabit
260 _alahore
_bQasim Printer
_c1999
300 _a538
942 _cBK
999 _c8162
_d8162